Rock Songs #2 - Statistics

General Stats
  • This quiz has been taken 102 times
  • The average score is 6 of 20
Answer Stats
Song Name Number of Spotify Streams to nearest Million Artist % Correct
November Rain 900 Guns N roses
93%
Jeremy 321 Pearl Jam
71%
Learn To Fly 551 Foo Fighters
70%
School`s Out 170 Alice Cooper
69%
God Save The Queen 96 Sex Pistols
57%
Like A stone 623 Audioslave
43%
No One Knows 430 Queens of the Stone Age
42%
Since You Been Gone 168 Rainbow
33%
I wanna Be You Dog 100 The Stooges
30%
Sex Type Thing 83 Stone Temple Pilots
27%
Stranded 103 Gojira
11%
Only For the Weak 98 In Flames
10%
Candy 56 Iggy Pop
8%
ChainsawGutsfuck 9 Mayhem
8%
Locust 50 Machine Head
7%
Evil 15 Mercyful Fate
3%
Teacher, Teacher! 14 Jinjer
2%
Welcome to Hell 7 Venom
2%
Play 7 Dave Grohl
1%
Nerve 17 Soilwork
1%
No matching quizzes found
Score Distribution
Percent of People with Each Score
Percentile by Number Answered
Your Score History
You have not taken this quiz